Online
Catalog

Trabajo y empresa : (Record no. 24361)

MARC details
000 -CABECERA
campo de control de longitud fija 00846nam a2200241 a 4500
001 - NÚMERO DE CONTROL
campo de control 000024868
005 - FECHA Y HORA DE LA ÚLTIMA TRANSACCIÓN
campo de control 20200930023422.0
008 - DATOS DE LONGITUD FIJA--INFORMACIÓN GENERAL
campo de control de longitud fija 110207s1968 mx r 000 0 spa d
040 ## - FUENTE DE LA CATALOGACIÓN
Centro catalogador/agencia de origen DO-SdBNP
Lengua de catalogación spa
Centro/agencia transcriptor BNPHU
041 17 - CÓDIGO DE LENGUA
Código de lengua del texto/banda sonora o título independiente spa
Código de lengua original eng
Fuente del código Código de idiomas MARC
082 ## - NÚMERO DE LA CLASIFICACIÓN DECIMAL DEWEY
Número de clasificación nn*
Número de documento/Ítem nn*
049 ## - FONDOS LOCALES (OCLC)
Fondos de biblioteca BNGR
100 1# - ENTRADA PRINCIPAL--NOMBRE DE PERSONA
Nombre de persona Paradis, Adrian A.
9 (RLIN) 51038
240 10 - TÍTULO UNIFORME
Título uniforme Labor in action.
Lenguaje de la obra Español
245 10 - MENCIÓN DE TÍTULO
Título Trabajo y empresa :
Resto del título historia del movimiento obrero en los Estados Unidos /
Mención de responsabilidad, etc. Adrian A. Paradis ; traducción de Catalina Castro.
260 ## - PUBLICACIÓN, DISTRIBUCIÓN, ETC.
Lugar de publicación, distribución, etc. México, D. F. :
Nombre del editor, distribuidor, etc. Limusa-Wiley,
Fecha de publicación, distribución, etc. 1968.
300 ## - DESCRIPCIÓN FÍSICA
Extensión 236 p. :
Otras características físicas il. ;
Dimensiones 19 cm.
490 13 - MENCIÓN DE SERIE
Mención de serie El mundo de hoy.
Designación de volumen o secuencia 5346
534 ## - NOTA SOBRE LA VERSIÓN ORIGINAL
Encabezamiento principal del original Título de la obra en inglés :
Mención de título del original Labor in action
500 ## - NOTA GENERAL
Nota general Incluye índice.
700 1# - PUNTO DE ACCESO ADICIONAL--NOMBRE DE PERSONA
Nombre de persona Castro, Catalina,
Término indicativo de función/relación tr.
9 (RLIN) 51039
830 #0 - PUNTO DE ACCESO ADICIONAL DE SERIE-TÍTULO UNIFORME
Título uniforme El mundo de hoy.
Designación de volumen o secuencia 5346
9 (RLIN) 49979
Holdings
Estado de retiro Estado de pérdida Restricciones de uso No para préstamo Código de colección Localización permanente Ubicación/localización actual Ubicación en estantería Fecha de adquisición Número de inventario Total de préstamos Signatura topográfica completa Código de barras Fecha visto por última vez Precio válido a partir de Tipo de ítem Koha Número de copia
        Monografías: Libros y Folletos General General En catalogación 07.02.2011 LF1   nn* nn* 24868-10 25.06.2020 25.06.2020 Préstamo en sala  
      Préstamo restrigido Monografías: Libros y Folletos General General En catalogación 07.02.2011 LF1   nn* nn* 24868-20 25.06.2020 25.06.2020 Préstamo en sala e. 2

Powered by Koha